000
00339nam a2200145Ia 4500
008
230718s9999 xx 000 0 und d
041
_a
Eng.
082
_a
340.59
_b
HAS-R
100
_a
Hasan, Syed Riaz
245
0
_a
Reconstruction of Legal
260
_a
Pakistan
_b
Idera Jaakinon
_c
2006
300
_a
3626
650
_a
Law
999
_c
27826
_d
27826